000
00366nam a2200157Ia 4500
005
20250507125905.0
008
008 250505s9999 xx 000 0 eng d
037
_a
Bound Volumes
040
_a
EASL
_b
eng
_c
EASL
041
_a
eng
_2
eng
084
_q
EASL
245
0
_a
Foreign Policy
260
_c
0000
942
_c
CR
999
_c
1314754
_d
1314754